| 000 | 01084nam a2200289 a 4500 | ||
|---|---|---|---|
| 001 | 64347 | ||
| 003 | BD-RjUL | ||
| 005 | 20211209081309.0 | ||
| 008 | 170214s2000 caub b 001 0 eng | ||
| 020 | _a0737703601 (lib. bdg. : alk. paper) | ||
| 020 | _a0737703598 (pbk. : alk. paper) | ||
| 035 | _a(BD-RjUL)64477 | ||
| 040 |
_aDLC _cDLC _beng _dBD-RjUL |
||
| 041 | _aeng | ||
| 082 | 0 | 0 |
_a823.912 _223 _bPOR 2000 |
| 245 | 1 | 0 |
_aReadings on A portrait of the artist as a young man / _cClarice Swisher, book editor. |
| 246 | 3 | 0 | _aPortrait of the artist as a young man |
| 260 |
_aSan Diego : _bGreenhaven Press, _cc2000. |
||
| 300 |
_a191 p. : _bill. ; _c23 cm. |
||
| 504 | _aIncludes bibliographical references (p. 184-185) and index. | ||
| 600 | 1 | 0 |
_aJoyce, James, _d1882-1941. _tPortrait of the artist as a young man. _9191009 |
| 650 | 0 |
_aYoung men in literature. _9191007 |
|
| 651 | 0 |
_aDublin (Ireland) _xIn literature. _9187272 |
|
| 700 | 1 |
_aSwisher, Clarice, _d1933- _9191008 |
|
| 942 |
_2ddc _cBK |
||
| 999 |
_c64347 _d64347 |
||